La cabra: guía práctica para el ganadero

Uloženo v:
Podrobná bibliografie
Hlavní autor: Quittet, E (Autor)
Médium: Kniha
Jazyk:španělština
Vydáno: Madrid Mundi Prensa 1978
Témata:
Tagy: Přidat tag
Žádné tagy, Buďte první, kdo vytvoří štítek k tomuto záznamu!

MARC

LEADER 00000nam a2200000 a 4500
001 UCS8990
003 CL-VaPUC
008 971113e19780000SP |||||||||||||||||spa|d
082 0 4 |a 636.39  |b QUI  |2 21 
100 0 |a Quittet, E  |e author  |9 393838 
245 1 3 |a La cabra: guía práctica para el ganadero 
300 |a 318 p 
942 |c BK 
945 |d 19971113 00:00:00  |a jquezada 
260 |a Madrid  |b Mundi Prensa  |c 1978 
650 7 |a INDUSTRIA GANADERA  |2 CL-VaPUC  |9 393839 
650 7 |a CABRAS  |2 CL-VaPUC  |9 264456 
650 0 |a Alimentación animal  |9 393779 
650 7 |a ORDEÑA  |2 CL-VaPUC  |9 393841 
650 7 |a CURTIEMBRE  |2 CL-VaPUC  |9 393842 
583 |a last modification  |c 20121219 12:15:31  |k Rodrigo Vera 
999 |c 263072  |d 263070